000 00425pab a2200157 454500
008 180718b1998 xxu||||| |||| 00| 0 eng d
100 _aSingh, O.P.
245 _aGrowth and supply responses of oilseeds in Uttar Pradesh
260 _c1998
300 _ap.3-8
362 _aApr
650 _aVegetable oil - India - Uttar Pradesh
650 _aVegetable oil
773 _aAgricultural Situation in India
909 _a39850
999 _c39850
_d39850